000 01024nam a22002177a 4500
005 20240716152536.0
010 _aB-760045
020 _c150.00
_a9789354096662
035 _aB-760045
100 _aचतुर्वेदी, पंकज
_968489
245 _aबड़े होने का इंतजार/
_cपंकज चतुर्वेदी
260 _aनयई दिल्ली
_bप्रकाशन विभाग
_c2022
270 _bनई दिल्ली
_aसूचना भवन ,सी.जी.ओ. कॉम्पलेक्स, लोधी रोड़
_e110002
300 _a66पृ.
_c24 सेमी(अजिल्द)
650 _aहिन्दी -- साहित्य
_968490
650 _aहिन्दी -- काव्य
_968491
650 _aHindi literature
_968492
650 _aHindi - Poetry
_968493
942 _2ddc
_cCH
_h
_mचतुर्वे
999 _c204152
_d204152